Cipi / (Registro nro. 6827)

Detalles MARC
000 -LEADER
fixed length control field 01029nam a22002657a 4500
003 - CONTROL NUMBER IDENTIFIER
control field OSt
005 - DATE AND TIME OF LATEST TRANSACTION
control field 20250710125735.0
008 - FIXED-LENGTH DATA ELEMENTS--GENERAL INFORMATION
fixed length control field 200907b2013 ck |||br|||| 00| 0 spa d
020 ## - INTERNATIONAL STANDARD BOOK NUMBER
International Standard Book Number 9789587040418
040 04 - CATALOGING SOURCE
Original cataloging agency CO-JMCR
Transcribing agency CO-JMCR
041 0# - LANGUAGE CODE
Language code of text/sound track or separate title spa
082 ## - DEWEY DECIMAL CLASSIFICATION NUMBER
Edition number 23
Classification number N
Item number LODc
100 1# - MAIN ENTRY--PERSONAL NAME
Personal name Lodi, Mario,
Relator term autor
9 (RLIN) 9905
245 10 - TITLE STATEMENT
Title Cipi /
Statement of responsibility, etc. Mario Lodi ; ilustraciones de Viví Escrivá ; traducción de Carmen Santos
250 ## - EDITION STATEMENT
Edition statement Segunda edición
260 ## - PUBLICATION, DISTRIBUTION, ETC.
Place of publication, distribution, etc. Bogotá :
Name of publisher, distributor, etc. Alfaguara,
Date of publication, distribution, etc. 2013.
300 ## - PHYSICAL DESCRIPTION
Extent 116 páginas :
Other physical details ilustraciones a blanco y negro ;
Dimensions 20 cm.
490 0# - SERIES STATEMENT
Series statement Alfaguara infantil
520 0# - SUMMARY, ETC.
Summary, etc. Tras lo cristales de la clase, maestro y alumnos descubren y toman nota de la historia de un gorrión. Cipi es la fábula verídica que surge de la observación atenta y amorosa de la realidad.
650 ## - SUBJECT ADDED ENTRY--TOPICAL TERM
Topical term or geographic name entry element Gorriones
Geographic subdivision Italia
9 (RLIN) 9906
650 ## - SUBJECT ADDED ENTRY--TOPICAL TERM
Topical term or geographic name entry element Cuentos infantiles
Geographic subdivision italia
9 (RLIN) 9907
700 1# - ADDED ENTRY--PERSONAL NAME
Personal name Escrivá, Viví,
Relator term ilustradora
9 (RLIN) 9908
700 1# - ADDED ENTRY--PERSONAL NAME
Personal name Santos, Carmen,
Relator term traductora
9 (RLIN) 9909
942 ## - ADDED ENTRY ELEMENTS (KOHA)
Source of classification or shelving scheme Dewey Decimal Classification
Koha item type Books
Existencias
Withdrawn status Lost status Source of classification or shelving scheme Damaged status Not for loan Home library Current library Shelving location Date acquired Source of acquisition Total Checkouts Total Renewals Full call number Barcode Date last seen Date last checked out Copy number Price effective from Koha item type Public note
    Dewey Decimal Classification     Biblioteca Pública José María del Castillo y Rada Biblioteca Pública José María del Castillo y Rada Children's Area 04/15/2018 Donación 5 1 N LODc 201809830 02/27/2026 02/27/2026 Ej.1 04/15/2018 Books Exlibris: David Pardo.